00318nam a2200109Ia 4500008004100000041000800041100002400049245007000073260003100143300000900174700002500183250110s9999 xx 000 0 und d aeng aMudholkar Parikshit aAnalysis Of Pollution Problems And Its Impacts On The Surrounding bBNCA M Arch EA, Punec2017 a155p aGuide Name:B y Pawar